Living Waters Christian Centres Ltd v Fetherstonhaugh (Record no. 60543)

MARC details
000 -LEADER
fixed length control field 00993cam a2200145 4500
001 - CONTROL NUMBER
control field ABS60880
008 - FIXED-LENGTH DATA ELEMENTS--GENERAL INFORMATION
fixed length control field 000000n1999 000 0 eng u
035 ## - SYSTEM CONTROL NUMBER
System control number (Sirsi) u101399
245 ## - TITLE STATEMENT
Title Living Waters Christian Centres Ltd v Fetherstonhaugh
260 ## - PUBLICATION, DISTRIBUTION, ETC.
Date of publication, distribution, etc. 1999
490 ## - SERIES STATEMENT
Series statement Estates Gazette Law Reports
Volume/sequential designation [1999] 28 EG 121-127(7)
520 ## - SUMMARY, ETC.
Summary, etc. CA 27 April 1999. L occupied a premises owned by F, at a rent that was subject to review in the seventh year of the term. An arbitrator was appointed and he issued that hearsay evidence should be excluded from the proceedings. Following the making of an award, in which he had regard to a comparable relied on by F, L issued proceedings requesting the arbitrator to give reasons under the Arbitration Act 1979 S1(5). L contended that the arbitrator had treated as admissible evidence of facts relating to the comparables that were hearsay. The application was dismissed. L appealed. Appeal dismissed.
690 ## - LOCAL SUBJECT ADDED ENTRY--TOPICAL TERM (OCLC, RLIN)
Topical term or geographic name as entry element ARBITRATION-CASE LAW
942 ## - ADDED ENTRY ELEMENTS (KOHA)
Suppress in OPAC 0
Holdings
Withdrawn status Lost status Source of classification or shelving scheme Damaged status Not for loan Home library Current library Shelving location Date acquired Total Checkouts Full call number Barcode Date last seen Copy number Price effective from Koha item type
    Dewey Decimal Classification     London London Journal article 04/11/1999   ABS60880 101399-1001 06/08/2019 1 06/08/2019 Journal article